000 00661nam a2200181Ia 4500
008 100920s9999 xx 000 0 und d
082 _b27095
_a28 व 891,461 थ 69
100 _aकोपर्डेकर शरद्रचंद्र.
245 _aअम्माडी गंमत.
260 _bइंद्रायणी साहित्य प्रकाशन पुणे 30.
_c1969
300 _a23
_bसाधी
365 _b0.75
520 _aबा.वि.पद्य.
630 _aअम्माडी गंमत.
650 _aबा.वि.पद्य.
730 _aअम्माडी गंमत.
942 _cBOOK
999 _c684070
_d684067